India's third five-year plan and its criticism (Record no. 478210)

000 -LEADER
fixed length control field 00407cam a22001337a 4500
008 - FIXED-LENGTH DATA ELEMENTS--GENERAL INFORMATION
fixed length control field 180718b1962 xxu||||| |||| 00| 0 eng d
082 ## - DEWEY DECIMAL CLASSIFICATION NUMBER
Classification number T000x54 B223i
100 ## - MAIN ENTRY--PERSONAL NAME
Personal name Banerji, Anjan Kumar
245 ## - TITLE STATEMENT
Title India's third five-year plan and its criticism
Statement of responsibility, etc. by Anjan Kumar Banerji
260 ## - PUBLICATION, DISTRIBUTION, ETC.
Place of publication, distribution, etc. Calcutta
Name of publisher, distributor, etc. Benson's
Date of publication, distribution, etc. 1962
300 ## - PHYSICAL DESCRIPTION
Extent 56p.
500 ## - GENERAL NOTE
General note Bound with T000x54/N315
650 ## - SUBJECT ADDED ENTRY--TOPICAL TERM
Topical term or geographic name entry element Economic Planning - India
Holdings
Withdrawn status Lost status Damaged status Not for loan Permanent Location Current Location Date acquired Full call number Barcode Date last seen Price effective from Koha item type
        Indian Institute of Public Administration Indian Institute of Public Administration 2018-08-04 T000x54 B223i GR5438 2018-08-04 2018-08-04 GR

Powered by Koha